Terapia Gestalt: enfoque centrado en el aquí y el ahora

Saved in:
Bibliografiske detaljer
Hovedforfatter: Castanedo Secadas, Celedonio (Author)
Format: Bog
Sprog:spansk
Udgivet: Barcelona Herder 1988
Serier:Biblioteca de Psicología
Fag:
Tags: Tilføj Tag
Ingen Tags, Vær først til at tagge denne postø!

MARC

LEADER 00000nam a2200000 a 4500
001 UCW5963
003 CL-VaPUC
008 910909e19880000SP |||||||||||||||||spa|d
082 0 4 |a 616.8914  |b CAS  |2 21 
100 0 |a Castanedo Secadas, Celedonio  |e author  |9 310999 
245 1 0 |a Terapia Gestalt: enfoque centrado en el aquí y el ahora 
300 |a 313 p 
942 |c BK 
945 |d 19910909 00:00:00 
260 |a Barcelona  |b Herder  |c 1988 
650 7 |a PSICOTERAPIA  |2 CL-VaPUC  |9 311000 
650 0 |a Terapia gestáltica  |9 311001 
650 7 |a PSICOLOGIA GESTALTICA  |2 CL-VaPUC  |9 306251 
583 |a last modification  |c 19910909 00:00:00  |k Rodrigo Vera 
490 0 |a Biblioteca de Psicología 
999 |c 219221  |d 219219 
952 |0 0  |1 0  |4 0  |6 616_891400000000000_CAS_1988  |7 0  |8 A  |9 209866  |a BIBEDU  |b BIBEDU  |c ES_NOD  |d 2019-11-15  |i 2778114  |o 616.8914 CAS 1988  |p 2778114  |r 2023-08-09  |w 2019-11-15  |y BK  |k EDU